| 000 | 01257cam a2200325 a 4500 | ||
|---|---|---|---|
| 001 | 16810732 | ||
| 005 | 20230725154350.0 | ||
| 008 | 110604s2011 njua p 001 0 eng | ||
| 010 | _a 2011414416 | ||
| 020 | _a9780558823870 | ||
| 040 |
_aDLC _cDLC |
||
| 042 | _apcc | ||
| 050 | 0 | 0 | _aR 130.3 .C65 2011 |
| 100 | 1 | _aColbert, Bruce J. | |
| 245 | 1 | 0 |
_aAnatomy, physiology, and disease : _ban interactive journey for health professions / _cBruce J. Colbert, Jeff Ankney, Karen T. Lee. |
| 250 | _aRev. 1st ed. | ||
| 260 |
_aUpper Saddle River, N.J. : _bPearson, _cc2011. |
||
| 300 |
_axxxv, 850 p. : _bcol. ill. ; _c28 cm. + _e2 CD-ROM (4 3/4 in.) |
||
| 500 | _aIncludes index. | ||
| 650 | 0 |
_aMedical sciences _vProgrammed instruction. |
|
| 650 | 0 |
_aMedical sciences _xTerminology _vProgrammed instruction. |
|
| 650 | 0 |
_aHuman anatomy _xTerminology _vProgrammed instruction. |
|
| 650 | 0 |
_aHuman physiology _xTerminology _vProgrammed instruction. |
|
| 650 | 0 |
_aPathology _xTerminology _vProgrammed instruction. |
|
| 700 | 1 | _aAnkney, Jeff. | |
| 700 | 1 | _aLee, Karen J. | |
| 906 |
_a7 _bcbc _corigcop _d2 _encip _f20 _gy-gencatlg |
||
| 942 |
_2lcc _cBOOKS _hR 130.3 .C65 2011 |
||
| 999 |
_c31739 _d31739 |
||